Statistics for 2000s Movies by Plot

Click here to take the quiz!

General Stats

  • This quiz has been taken 7,510 times
  • The average score is 11 of 19

Answer Stats

Clue Movie % Correct
Lonely robot sorts trash on Earth while humanity lives on a luxurious but infantilizing space shipWALL-E
90%
In the Pacific Northwest, a moody teenage girl finds herself the subject of vampire infatuationTwilight
85%
Man has nothing but a volleyball to keep him company on a deserted islandCast Away
82%
Through an amazing series of coincidences, an impoverished Mumbai teenager is able
to answer increasingly difficult trivia questions
Slumdog Millionaire
76%
Dancing penguin travels all the way from Antarctica to Australia and backHappy Feet
75%
Comatose bride in yellow catsuit seeks revenge against assassin leaderKill Bill
72%
Teenage girl experiences awkwardness after somehow being impregnated
by her cross-country runner boyfriend
Juno
72%
Ordinary dope is granted omnipotence after criticizing GodBruce Almighty
66%
Ohana means family, and family means adopting a killer space alienLilo & Stitch
62%
African hotel worker saves over a thousand people from genocideHotel Rwanda
55%
Zombies have risen. One hapless bloke intends to go to the Winchester, have a pint,
and wait for it all to blow over
Shaun of the Dead
51%
Man with a very poor memory tries to find his wife's killerMemento
47%
Alcoholic superhero is a complete jerk - until he meets one special womanHancock
46%
It's the roaring twenties, and two sultry singers are in jail for murdering their matesChicago
37%
Japanese girl and her parents have been banished to the spirit realmSpirited Away
33%
It's the future. Children aren't being born for some reason. Are animals giving birth? It's not clear.
Britain is doing better than other countries, though.
Children of Men
30%
Teenage journalist from the 1970s goes on tour with a rock bandAlmost Famous
29%
Man and his protogée accumulate frequent flier miles traveling across America to fire peopleUp in the Air
25%
Two middle age losers travel to Californa wine country - but refuse to drink MerlotSideways
25%

Score Distribution

Percentile by Number Answered

Percent of People with Each Score

Your Score History

You have not taken this quiz